00422nam a2200145Ia 4500003000900000008004100009040001600050080001500066100002000081245009600101260003200197300001400229650001400243650001900257IN-BaIIA211028s9999 xx 000 0 eng d cIIA Library a681.3bSMI aSmith, C. V. L. 0aElectronic digital computersc C. V. L. Smith  aNew YorkbMcGraw-Hillc1959 aix, 443p. aComputers aNASA thesaurus